ARRUPE JESUIT UNIVERSITY

CORONAVIRUS -STOP THE SPREAD - CLEAN,DISINFECT,COVER

Transplantation ethics / (Record no. 118452)

MARC details
000 -LEADER
fixed length control field 01026cam a22002654a 4500
001 - CONTROL NUMBER
control field 11920484
003 - CONTROL NUMBER IDENTIFIER
control field ARRUPE
005 - DATE AND TIME OF LATEST TRANSACTION
control field 20131023180205.0
008 - FIXED-LENGTH DATA ELEMENTS--GENERAL INFORMATION
fixed length control field 000224s2000 dcua b 001 0 eng
010 ## - LIBRARY OF CONGRESS CONTROL NUMBER
LC control number 00026843
020 ## - INTERNATIONAL STANDARD BOOK NUMBER
International Standard Book Number 0878408118 (cloth : alk. paper)
040 ## - CATALOGING SOURCE
Original cataloging agency DLC
Transcribing agency DLC
Modifying agency DLC
042 ## - AUTHENTICATION CODE
Authentication code pcc
050 00 - LIBRARY OF CONGRESS CALL NUMBER
Classification number RD120.7
Item number .V43 2000
082 00 - DEWEY DECIMAL CLASSIFICATION NUMBER
Classification number 174/.25
Edition number 21
300 ## - PHYSICAL DESCRIPTION
Other physical details ill. ;
Dimensions 27 cm.
100 1# - MAIN ENTRY--PERSONAL NAME
Personal name Veatch, Robert M.
9 (RLIN) 2962
245 10 - TITLE STATEMENT
Title Transplantation ethics /
Statement of responsibility, etc Robert M. Veatch.
260 ## - PUBLICATION, DISTRIBUTION, ETC. (IMPRINT)
Place of publication, distribution, etc Washington, D.C. :
Name of publisher, distributor, etc Georgetown University Press,
Date of publication, distribution, etc c2000.
300 ## - PHYSICAL DESCRIPTION
Extent xvii, 427 p. :
504 ## - BIBLIOGRAPHY, ETC. NOTE
Bibliography, etc Includes bibliographical references and index.
650 #0 - SUBJECT ADDED ENTRY--TOPICAL TERM
Topical term or geographic name as entry element Transplantation of organs, tissues, etc.
General subdivision Moral and ethical aspects.
9 (RLIN) 2963
906 ## - LOCAL DATA ELEMENT F, LDF (RLIN)
a 7
b cbc
c orignew
d 1
e ocip
f 20
g y-gencatlg
942 ## - ADDED ENTRY ELEMENTS (KOHA)
Source of classification or shelving scheme Library of Congress Classification
Koha item type Monograph ( Printed materials)
Holdings
Withdrawn status Lost status Source of classification or shelving scheme Damaged status Not for loan Home library Current library Date acquired Total Checkouts Full call number Barcode Date last seen Date checked out Price effective from Koha item type
    Library of Congress Classification     ARRUPE LIBRARY ARRUPE LIBRARY 23/10/2013 1 RD120.7 .V43 2000 46410330 10/09/2019 13/10/2015 23/10/2013 Monograph ( Printed materials)

 

Arrupe Library. PO Box MP320 Mt Pleasant, Harare, Zimbabwe
263 242 745411|librarian@aju.ac.zw